• 首页
  • 本馆介绍
  • 公告通知
  • 最新文献
  • 馆藏检索
  • 电子资源
  • 读者导购
  • 参考咨询
  • 我的图书馆
  • 登录
  • 详细信息显示
  • 放入我的书架
  • 预约/预借图书
  • 作者相关作品
  • 分类相关作品
  • 丛书相关作品
  • 出版社相关作品

书目信息

  • 表格格式
  • 工作单格式
  • 卡片格式
题名:
写给你的
    
 
作者: 陶乐丝·卡耐基 著 ;李汉昭 译
分册:  
出版信息: 哈尔滨   哈尔滨出版社  2002.10
页数: 223页
开本: 21cm
丛书名:
单 册:
中图分类: C913.68
科图分类:
主题词: 社会生活 , 社会问题
电子资源:
ISBN: 7-80639-812-0
000 00646nam0 2200217 45
001 0305091527
005 20091019085023.44
010    @a7-80639-812-0@b精装@d19.80元
100    @a20030509d2002 km y0chiy0120 ea
101 0  @achi
105    @a z 000yy
200 1  @a写给你的@AXie Gei Ni De@f(美)陶乐丝·卡耐基著@F(Mei)Tao Yue Si·Ka Nai Ji Zhu@g李汉昭译
210    @a哈尔滨@c哈尔滨出版社@d2002.10
215    @a223页@d21cm
606 0  @a社会生活
606 0  @a社会问题
690    @aC913.68@v4
701  0 @a陶乐丝·卡耐基@4著
702  0 @a李汉昭@ALi Han Zhao@4译
801    @aCN@bPftUser@c20091019
905    @aBZT@b347966-971@dC913.68@e1@f6
    
    写给你的/(美)陶乐丝·卡耐基著/李汉昭译.-哈尔滨:哈尔滨出版社,2002.10
    223页;21cm
    
    
    ISBN 7-80639-812-0(精装):19.80元
    
●
相关链接 在五车中查询图书 在当当中查询图书 在豆瓣中查询图书


正题名:写给你的     索取号:C913.68/1         预约/预借

序号 登录号 条形码 馆藏地/架位号 状态 备注
1 347966   201184896   样本书库/样001架A面1层2列/ [索取号:C913.68/1] 在馆    
2 347967   201184887   中心书库南/009架B面6层1列/ [索取号:C913.68/1] 在馆    
3 347968   201184912   中心书库南/009架B面6层1列/ [索取号:C913.68/1] 在馆    
4 347969   201184903   中心书库南/009架B面6层1列/ [索取号:C913.68/1] 在馆    
5 347970   201184930   中心书库南/009架B面6层1列/ [索取号:C913.68/1] 在馆    
6 347971   201184921   中心书库南/009架B面6层1列/ [索取号:C913.68/1] 在馆    
山东省滨州职业学院图书馆 欢迎您!
大连网信软件有限公司© 版权所有